000 00485nam a22001817a 4500
003 CEME
005 20210628205458.0
008 210305b xxu||||| |||| 00| 0 eng d
020 _a0-201-10806-2
040 _c.
082 _a620.001515353 BUR'F
100 _aBurnett, David S
_975736
245 _aFinite element analysis from concepts to applications
260 _aNEWYORK
_bADDISON WESLEY
_c1987
300 _a844P
650 _aFINITE ELEMENT METHOD
_91938
942 _cBK
_2ddc
999 _c581129
_d581129